ระบบห้องสมุดอัตโนมัติ ULibM
วิทยาลัยพยาบาลบรมราชชนนี พระพุทธบาท
เปลี่ยนเป็นภาษาไทย

Change to English
 แสดงรายละเอียดบรรณานุกรม
  กลับหน้าหลัก

Brief Record : Get Marc (ISO 2709) : E-mail record : QR code ปิดหน้าต่าง
E-books : เกี่ยวกับ Collections
LEADER 00000nam 2200000uu 4500
001    13399129556
003     ULIBM
008    020711s2562 th a 000 0 tha d
020    9786161830694
060    WI250 ส241ร 2562
100    สมชาย ลีลากุศลวงศ์
245    โรคกรดไหลย้อน
250    พิมพ์ครั้งที่ 1
260    กรุงเทพฯ :^bอมรินทร์เฮลท์,^c2562
300    112 หน้า ;^c21 ซม.
501    Bookshelf: WI 1/1
999    ^aนางสาวณิชาพร เกตุศีระ
รายการนี้ยังไม่มีแท็ก
คุณยังไม่ได้ล็อกอิน คุณสามารถมีกิจกรรมร่วมกับเว็บไซต์ได้ แต่ต้องล็อกอินก่อน ::
  ล็อกอิน
ลำดับที่ ประเภท เลขเรียก สถานที่ สถานะ
1. หนังสือ
หนังสือ
WI250 ส241ร 2562 c.1 
  
วิทยาลัยพยาบาลบรมราชชนนี พระพุทธบาท
►หนังสือทั่วไป
On Shelf
2. หนังสือ
หนังสือ
WI250 ส241ร 2562 c.2 
  
วิทยาลัยพยาบาลบรมราชชนนี พระพุทธบาท
►หนังสือทั่วไป
On Shelf
3. หนังสือ
หนังสือ
WI250 ส241ร 2562 c.3 
  
วิทยาลัยพยาบาลบรมราชชนนี พระพุทธบาท
►หนังสือทั่วไป
On Shelf
   [แสดง 3/3 รายการ]

รายการใกล้เคียง
    ชื่อเรื่อง [โรคกรดไหลย้อน]

    ผู้แต่ง [สมชาย ลีลากุศลวงศ์]

Bib 13399129556